| 000 | 00000nam##2200000za#4500 |
| 001 | 9.572629 |
| 003 | CaOODSP |
| 005 | 20220111083118 |
| 007 | cr ||||||||||| |
| 008 | 150406|2001||||xxc|||||o f|0| 0 eng|d |
| 022 | |a1928-6414 |
| 040 | |aCaOODSP|beng |
| 043 | |an-cn--- |
| 086 | 1 |aNE22-1/2001-8E-PDF |
| 110 | 1 |aCanada. |bNational Energy Board. |
| 245 | 10|aReasons for decision in the matter of BC Gas Utility Ltd. : |h[electronic resource]|bapplication dated 8 May 2001 for certain orders pursuant to subsection 21(1) of the National Energy Board Act (the Act) for review and variance of the Board's RH-2-98 Reasons for Decision and Order TG-2-99 and for orders pursuant to Part IV of the Act establishing the terms and conditions, including tolls, for service from Kingsvale and Hope to Huntingdon, British Columbia |
| 246 | 1 |iVariant title : |aBC Gas Utility Ltd. |
| 260 | |aCalgary - Alberta : |bNational Energy Board |cOctober 2001. |
| 300 | |a24p.|bmap |
| 490 | 1 |aReasons for decision|x1928-6414|vRH-2-2001 |
| 500 | |aErrata, p. 3 of 24. Incorrect catalogue number (NE22-1/2001-6E) and ISBN (0-662-31118-3) copied in this electronic publication. |
| 590 | |a12-10-Supp|b2012-03-23 |
| 775 | 08|tMotifs de décision relativement à BC Gas Utility Ltd. : |w(CaOODSP)9.602974 |
| 776 | 0#|tBC Gas Utility Ltd |w(CaOODSP)9.615808 |
| 830 | #0|aReasons for decision (Canada. National Energy Board)|x1928-6414|vRH-2-2001|w(CaOODSP)9.504480 |
| 856 | 40|ahttp://publications.gc.ca|qPDF|s413 KB|uhttps://publications.gc.ca/collections/Collection/NE22-1-2001-8E.pdf|yRH-2-2001 |